Royal Jordanian fleet by picture - Statistics

General Stats
  • This quiz has been taken 60 times
  • The average score is 4 of 7
Answer Stats
Picture Answer % Correct
A320
92%
A319
84%
A321
74%
A330-200
66%
787-8
61%
ERJ-175
29%
ERJ-195
26%
No matching quizzes found
Score Distribution
Percent of People with Each Score
Percentile by Number Answered
Your Score History
You have not taken this quiz